| 000 | 01040cam a2200241 4500 | ||
|---|---|---|---|
| 001 | ABS67893 | ||
| 008 | 040622n2004 000 0 eng u | ||
| 035 | _a(Sirsi) u126556 | ||
| 100 | _aKruger, W. | ||
| 245 | _aSomething about Germany | ||
| 260 | _c2004 | ||
| 490 |
_aBuilding _v269(8337) 18 June 2004 56-57(2) |
||
| 520 | _aDiscusses the construction market in Germany. Warns that any UK firm thinking of returning to this market needs to be aware of the legal obstacles to potential development here. These include standard terms clauses which are defined as clauses intended for repeated use by one party that are not individually negotiated. These are subject to court review to determine whether they put the contractual partner of the employer at a disadvantage. | ||
| 590 | _aABS | ||
| 590 | _aABS | ||
| 650 | _aGERMANY | ||
| 650 | _aCONSTRUCTION MARKET | ||
| 650 | _aSTANDARD TERMS | ||
| 650 | _aCORPORATION TAXES | ||
| 650 | _aCONSTRUCTION CONTRACTS | ||
| 690 | _aBUILDING AND CONSTRUCTION-MARKET | ||
| 942 | _n0 | ||
| 999 |
_c117572 _d117572 |
||